| 000 | 01111cam a2200241 i 4500 | ||
|---|---|---|---|
| 999 |
_c57918 _d57918 |
||
| 001 | 18520387 | ||
| 005 | 20221107115655.0 | ||
| 008 | 150309s20152015nyua b 001 0 eng | ||
| 020 | _a9780891286394 X | ||
| 041 | _aeng | ||
| 080 | _a616.831-009.11-053.2 V-75 | ||
| 245 | 0 | 0 |
_aVision and the brain : _bunderstanding cerebral visual impairment in children / _cAmanda Hall Lueck and Gordon N. Dutton, editors. |
| 264 | 1 |
_aNew York, NY : _bAFB Press, _c2015. |
|
| 300 |
_a697 pages : _billustrations ; _c26 cm. |
||
| 650 | 0 |
_aPediatric neuroophthalmology. _910942 |
|
| 653 | _aმხედველობა და და ტვინი | ||
| 653 | _aბავშვებში მხედველობის დარღვევები | ||
| 653 | _aმედიცინა | ||
| 700 | 1 |
_aLueck, Amanda Hall, _d1949- _eრედაქტორი _910943 |
|
| 700 | 1 |
_aDutton, Gordon. _eრედაქტორი _910944 |
|
| 776 | 0 | 8 |
_iOnline version: _tVision and the brain _dNew York, NY : AFB Press, American Foundation for the Blind, [2015] _z9780891286424 _w(DLC) 2015009946 |
| 942 |
_2udc _cBK |
||